01008nam a22002897a 45000010005000000030006000050050017000110080041000280200018000690400029000870500014001160820011001301000026001412450043001672500026002102600037002363000021002735050007002945200173003015210019004745210018004936500020005116500021005319420015005529990015005679520136005824585FISKH20240917121357.0240917b cb ||||| |||| 00| 0 eng d a9780064406864 aFISKHbengcFISKHdFISKH aPZ7.C8615 2813.54 aCreech, Sharond1945- aPleasing the ghost /cby Sharon Creech aFirst edition in 1997 aNew York :bHarperTrophy,c1997. a89 pages :c20cm aL  aNine-year-old Dennis, whose uncle and father died within a year of one another, is visited by the ghost of his uncle, and together they settle some unfinished business.8 a520L bLexile 8 aL bRaz-Plus  2GhostsaFiction 2MysteryaFantasy 2ddccBKn0 c4585d4585 00102ddc40708FICa001b001cTTP Yellow d2024-09-17l0oCRE 813.54 PZ7.C8615p2024-1985r2024-09-17 12:13:52t1w2024-09-17yBK